সংখ্যাতত্তের নানা কথা / (Record no. 2)
[ view plain ]
| 000 -LEADER | |
|---|---|
| fixed length control field | 01022nam a2200253 a 4500 |
| 001 - CONTROL NUMBER | |
| JCCL Control Number | 2 |
| 003 - CONTROL NUMBER IDENTIFIER | |
| JCCL marc code | BD-JhCC |
| 005 - DATE AND TIME OF LATEST TRANSACTION | |
| control field | 20200413134008.0 |
| 008 - FIXED-LENGTH DATA ELEMENTS--GENERAL INFORMATION | |
| fixed length control field | 170923s2008 bg a|||| |||| 00| 0 ben d |
| 020 ## - INTERNATIONAL STANDARD BOOK NUMBER | |
| International Standard Book Number | 9847011400641 |
| 035 ## - SYSTEM CONTROL NUMBER | |
| system control number | (BD-JhCC)2 |
| 040 ## - CATALOGING SOURCE | |
| Original cataloging agency | BD-JhCC |
| Transcribing agency | BD-JhCC |
| 041 ## - LANGUAGE CODE | |
| Language code of Book | eng |
| 082 ## - DEWEY DECIMAL CLASSIFICATION NUMBER | |
| DDC Edition number | 22 |
| Classification number | 512.7 |
| Author mark and Year | OGI 2008 |
| 100 ## - MAIN ENTRY--PERSONAL NAME | |
| Personal name | ওজিলভি, সি. স্ট্যানলি |
| 245 ## - TITLE STATEMENT | |
| Title | সংখ্যাতত্তের নানা কথা / |
| Statement of responsibility, etc | সি. স্ট্যানলি ওজিলভি এন্ড জন টি অ্যান্ডারসন ;অনুবাদ আবদুল্লাহ তামিম |
| 260 ## - PUBLICATION, DISTRIBUTION, ETC. (IMPRINT) | |
| Place of publication, distribution, etc | ঢাকা : |
| Name of publisher, distributor, etc | সময় প্রকাশন, |
| Date of publication, distribution, etc | ২০০৮ |
| 300 ## - PHYSICAL DESCRIPTION | |
| Pagination | ১১৯ পৃ ঃ |
| Other physical details | চিত্র। ; |
| Dimensions | ২২ সেমি। |
| 650 ## - SUBJECT ADDED ENTRY--TOPICAL TERM | |
| Topical term or geographic name as entry element | Number theory. |
| 700 ## - ADDED ENTRY--PERSONAL NAME | |
| Personal name | অ্যান্ডারসন, জন টি |
| 700 ## - ADDED ENTRY--PERSONAL NAME | |
| Personal name | তামিম, আবদুল্লাহ |
| 942 ## - ADDED ENTRY ELEMENTS (KOHA) | |
| Source of classification or shelving scheme | Dewey Decimal Classification |
| Koha item type | Books |
| Koha issues (borrowed), all copies | 12 |
| Source of classification or shelving scheme | Damaged status | Not for loan | Home library | Current library | Shelving location | Date of accession | Cost, normal purchase price | Total Checkouts | Full call number | Barcode | Date last seen | Date checked out | Copy number | Koha item type | Method of acquisition | Currency |
|---|---|---|---|---|---|---|---|---|---|---|---|---|---|---|---|---|
| Dewey Decimal Classification | JCC Rouf Library | JCC Rouf Library | General Stacks | 09/23/2017 | 95.00 | 4 | 512.7 OGI 2008 | 3841 | 07/02/2018 | 07/02/2018 | C-1 | Books | ||||
| Dewey Decimal Classification | JCC Rouf Library | JCC Rouf Library | General Stacks | 125.00 | 512.7 OGI 2008 | 19352 | 05/23/2024 | C-2 | Books | Purchase | BDT |